000
00268nam a22001217a 4500
020
_a
07214-1924-0
082
_a
823
_b
BIR/D
100
_a
BIRKINSHAW, MARIE
245
_a
DAISY LITTLE DANCER
260
_a
UK
_b
LADY BIRD
650
_a
ENGLISH SHORT STORY
_z
UK
942
_c
BK
999
_c
2397
_d
2397